000 02110nam0a2200337 i 4500
001 RU\NLR\BIBL_A\010765677
005 20240921224729.0
010 _a9785904693466
_9100
021 _aRU
_b2015-28244
_91666
035 _a(NILC)RuMoRGB-007910348
035 _a(NLR Aleph) 010765677
090 _a9999361
_c9999361
100 _a20150525d2013 um y0rusy50 ca
101 0 _arus
102 _aRU
105 _aa|||z|||000yy
200 1 _aОсобый ребенок: учимся самостоятельности вместе
_e(пошаговое обучение социально-бытовым умениям и навыкам при приготовлении и приеме пищи)
_eметодическое пособие
_fМ-во труда и социальной защиты населения Ставропольского края, Гос. бюджетное учреждение социального обслуживания "Ставропольский реабилитационный центр для детей и подростков с ограниченными возможностями здоровья"
_g[авт.-сост.: Бабина Т. В. и др.]
210 _aСтаврополь
_cБюро новостей
_d2013
215 _a125 с.
_cцв. ил., ил.
_d21
320 _aБиблиогр.: с. 108-109
606 1 _aДети с ограниченными возможностями здоровья
_jМетодические пособия
_xОбучение социально-бытовым навыкам
_92251088
_3RU\NLR\AUTH\6601580828
686 1 _aЧ430.135.221.2я8
686 1 _aЧ430.698я8
702 1 _aБабина
_bТ. В.
_4220
712 0 2 _4570
_aСтавропольский реабилитационный центр для детей и подростков с ограниченными возможностями здоровья
_9468025
_3RU\NLR\AUTH\880400573
801 0 _aRU
_bРГБ
_c20150413
_gRCR
801 1 _aRU
_bРГБ
_c20150413
_2rusmarc
942 _cBOOK
980 _aNBR